Kurzové riziká spoločností
Kurzové riziká v zahraničnom obchode. Kurzové riziká i napriek prijatiu spoločnej meny euro. Volatilita menových kurzov. Formy zaistenia sa voči prípadným významným zmenám výmenných kurzov.
Guardado en:
| Autor principal: | |
|---|---|
| Formato: | Capítulo de libro |
| Lenguaje: | eslovaco |
| Materias: | |
| Etiquetas: |
Sin Etiquetas, Sea el primero en etiquetar este registro!
|
MARC
| LEADER | 00000naa$a2200000$$$4500 | ||
|---|---|---|---|
| 001 | 0155053 | ||
| 005 | 20240502072727.6 | ||
| 041 | 0 | |a slo | |
| 044 | |a SK | ||
| 245 | 1 | 0 | |a Kurzové riziká spoločností |c Miroslav Kmeťko |
| 520 | |a Kurzové riziká v zahraničnom obchode. Kurzové riziká i napriek prijatiu spoločnej meny euro. Volatilita menových kurzov. Formy zaistenia sa voči prípadným významným zmenám výmenných kurzov. | ||
| 610 | 2 | 0 | |a riziko kurzové |
| 610 | 2 | 0 | |a kurz menový |
| 610 | 2 | 0 | |a euro |
| 610 | 2 | 0 | |a obchod zahraničný |
| 610 | 2 | 0 | |a volatilita |
| 610 | 2 | 0 | |a deriváty |
| 610 | 2 | 0 | |a burzy |
| 610 | 2 | 0 | |a forwardy |
| 610 | 2 | 0 | |a banky |
| 610 | 2 | 0 | |a firmy |
| 610 | 2 | 0 | |a spoločnosti |
| 100 | 1 | |a Kmeťko, Miroslav, 1969- | |